000 00657nam a2200229Ia 4500
003 OSt
005 20240827112853.0
006 a|||||r|||| 00| 0
007 ta
008 221004b |||||||| |||| 00| 0 kan d
024 _a65247
037 _cTextual
040 _aCRL
_cCRL
_bkan
041 _2kan
_akan
082 _aO32:gA, E6.1
100 _aAiyar S. Parameswara Au.
_9622542
245 0 _aSpecimens of early Malayalam
260 _aTrivandrum
_bBhaskara press India
_c1916
650 _aMALAYALAM LITERATURE
_938866
942 _hO32:gA, E6.1
_cTEXL
999 _c1007232
_d1007232